Capitales de pays - Mort subite - Statistiques

Statistiques générales
  • Ce quiz a été pris 382 fois
  • Le résultat moyen est 15 sur 21
Answers on the Grid
Answers color-coded by a green-red scale on the quiz's grid according to % correct below.
Buenos Aires
Managua
Belgrade
Casablanca
Oran
Ottawa
Santiago
Manille
Abu Dhabi
Oslo
Pyongyang
Rome
Caracas
Dubaï
Mumbai
New York
Rio de Janeiro
Pékin
Los Angeles
Mexico
Lima
Acapulco
Madrid
Marbella
New Delhi
Zagreb
Djerba
Madrid
Paris
Genève
Berne
Canberra
 
Statistiques - réponses
Réponse % Correct
Buenos Aires
92%
Oslo
86%
Rome
86%
Belgrade
84%
Mexico
79%
Paris
79%
Ottawa
78%
Madrid
76%
Pékin
76%
Lima
75%
Madrid
73%
Berne
72%
Pyongyang
72%
Manille
71%
New Delhi
71%
Zagreb
71%
Santiago
69%
Canberra
67%
Abu Dhabi
63%
Caracas
58%
Managua
46%
Aucun quiz correspondant
Distribution des résultats
% des personnes avec chaque résultat
Percentile par nombre de réponses
Votre historique - résultats
Vous n’avez pas pris ce quiz